Les plus grosses plus-values du football - Statistiques

Statistiques générales
  • Ce quiz a été pris 255 fois
    150 depuis la dernière actualisation
  • Le résultat moyen est 13 sur 15
Statistiques - réponses
Nationalité Profiteur Acheté à/pour Vendu à/pour Plus-value Joueur % Correct
Français AS Monaco Formé au club PSG/180 M€ 180 M€ Kylian Mbappé
100%
Brésilien FC Barcelone Santos FC/88 M€ PSG/222 M€ 134 M€ Neymar
99%
Brésilien Santos FC Formé au club FC Barcelone/88 M€ 88 M€ Neymar
99%
Gallois Tottenham Southampton/14,7 M€ Real Madrid/101 M€ 86,30 M€ Gareth Bale
90%
Portugais SL Benfica Formé au club Atlético Madrid/127,2 M€ 127,2 M€ João Félix
90%
Français Juventus Turin Manchester United/Libre Manchester United/105 M€ 105 M€ Paul Pogba
90%
Français Atlético de Madrid Real Sociedad/30 M€ FC Barcelone/120 M€ 90 M€ Antoine Griezmann
89%
Français Borussia Dortmund Stade Rennais FC/35 M€ FC Barcelone/135 M€ 100 M€ Ousmane Dembélé
89%
Anglais Aston Villa Formé au club Manchester City/117,5 M€ 117,5 M€ Jack Grealish
88%
Brésilien FC Liverpool Inter Milan/13 M€ FC Barcelone/135 M€ 122 M€ Philippe Coutinho
88%
Anglais Tottenham Formé au club Bayern Munich/100 M€ 100 M€ Harry Kane
87%
Français Eintracht Francfort FC Nantes/Libre PSG/95 M€ 95 M€ Randal Kolo Muani
87%
Hollandais Ajax Amsterdam Formé au club FC Barcelone/86 M€ 86 M€ Frenkie de Jong
86%
Anglais West Ham Formé au club Arsenal/116,6 M€ 116,6 M€ Declan Rice
82%
Équatorien Brighton Independiente del Valle/28,2 M€ Chelsea/116 M€ 87,80 M€ Moisés Caicedo
67%
Aucun quiz correspondant
Distribution des résultats
% des personnes avec chaque résultat
Percentile par nombre de réponses
Votre historique - résultats
Vous n’avez pas pris ce quiz depuis la dernière actualisation